00355nam a2200121Ia 4500008004100000082001000041100005100051245001400102260008100116300000800197630001400205730001400219100204s9999 xx 000 0 und d b14266 aगुंदेकर श्रीराम aउचल b"प्रतिमाा प्रकाशन , पुणे 30"c1990 a165 aउचल aउचल